000 00373nam a2200133Ia 4500
008 240624s9999 xx 000 0 und d
041 _aeng
082 _a658.4038 HAR
100 _aHARVARD BUSINESS REVIEW
245 _aHARVARD BUSINESS REVIEW ON BUSINESS VALU
260 _c1999
_aBoston
_bHarvard Businesss School Press
300 _av, : 239 : p. : cm. ; 22
365 _cRS
999 _c9235
_d9235